| 000 | 01098nam a22002177a 4500 | ||
|---|---|---|---|
| 999 |
_c13237 _d13237 |
||
| 003 | AR-CdUCM | ||
| 008 | 190411b ||||| |||| 00| 0 spa d | ||
| 040 |
_aMUNICIPALIDAD PROVINCIAL DEL CUSCO _cBIBLIOTECA MUNICIPAL DEL CUSCO |
||
| 082 |
_a375 / _bIN59 / 1956 |
||
| 110 |
_aServicio Cooperativo Peruano-Norteamericano de Educación _920680 |
||
| 245 | _aEl instructor y su tarea / | ||
| 260 |
_aLima : _c1956. |
||
| 300 |
_a232 páginas ; _bIlustraciones, Imágenes, Gráficos, retretes, _c27 cm. |
||
| 500 | _aAntes del título: Ministerio de Educación Pública. Reproducción y adaptación en castellano del libro "The instructor and his job", por permiso especial de The University of the State of New York, State education department, Bureau of industrial and technical education. | ||
| 505 | _aContenido: El instructor y su tarea -- Como aprendemos -- Como enseñar -- Diferencia individuales -- Instrucción individual y en grupos ... | ||
| 650 |
_aEducadores _91065 |
||
| 650 |
_aTécnica _913122 |
||
| 650 |
_aPreparación _926665 |
||
| 942 |
_2ddc _cLIBROS |
||
| 945 |
_acmm _d2019-04-11 |
||